| 000 | 00969nam a2200289 i 4500 | ||
|---|---|---|---|
| 003 | EG-ScBUE | ||
| 005 | 20241024081542.0 | ||
| 008 | 150506t2015 sz dk f b 001 0 eng d | ||
| 020 | _a9783319124926 | ||
| 040 |
_aEG-ScBUE _beng _erda _cEG-ScBUE _dEG-ScBUE |
||
| 082 | 0 | 4 |
_222 _a515.353 _bLOG |
| 100 | 1 |
_aLogan, J. David _q(John David) _eauthor. _937876 |
|
| 245 | 1 | 0 |
_aApplied partial differential equations / _cJ. David Logan. |
| 250 | _aThird edition. | ||
| 264 | 1 |
_aCham : _bSpringer International Publishing, _c[2015] |
|
| 264 | 4 | _cc2015 | |
| 300 |
_ax, 289 pages : _bcharts, forms ; _c24 cm. |
||
| 336 |
_2rdacontent _atext _btxt |
||
| 337 |
_aunmediated _2rdamedia _bn |
||
| 338 |
_avolume _bnc _2rdacarrier |
||
| 490 | 0 | _aUndergraduate texts in mathematics | |
| 504 | _aIncludes bibliographical references and index. | ||
| 650 | 7 |
_aDifferential equations, Partial. _2BUEsh |
|
| 653 |
_bENGGEN _cMay2015 |
||
| 655 |
_vReading book _934232 |
||
| 942 |
_2ddc _cBB |
||
| 999 |
_c19306 _d19278 |
||